000
00320nam a2200121Ia 4500
008
190216s9999||||xx |||||||||||||| ||und||
100
_a
Shubha Mitter & Aggarwal Sc
245
0
_a
Guide To Careers For Commerce Graduates
260
_b
Sulthan Chand&Sons
_c
1985
300
_a
178p
650
_a
Commerce
942
_c
REF
999
_c
35750
_d
35750